Microsoft Win32 programmer's reference (Record no. 6357)
[ view plain ]
| 000 -LEADER | |
|---|---|
| fixed length control field | 00915 a2200241 4500 |
| 020 ## - INTERNATIONAL STANDARD BOOK NUMBER | |
| International Standard Book Number | 1556155158 (v. 1) : |
| 020 ## - INTERNATIONAL STANDARD BOOK NUMBER | |
| International Standard Book Number | 1556155166 (v. 2) |
| 020 ## - INTERNATIONAL STANDARD BOOK NUMBER | |
| International Standard Book Number | 1556155174 (v. 3) |
| 020 ## - INTERNATIONAL STANDARD BOOK NUMBER | |
| International Standard Book Number | 1556155182 (v. 4) |
| 020 ## - INTERNATIONAL STANDARD BOOK NUMBER | |
| International Standard Book Number | 1556155190 (v. 5) |
| 040 ## - CATALOGING SOURCE | |
| Original cataloging agency | DLC |
| Language of cataloging | DLC |
| 082 00 - DEWEY DECIMAL CLASSIFICATION NUMBER | |
| Classification number | 005.4469 |
| 245 00 - TITLE STATEMENT | |
| Title | Microsoft Win32 programmer's reference |
| 260 ## - PUBLICATION, DISTRIBUTION, ETC. | |
| Place of publication, distribution, etc. | Redmond, Wash. : |
| Name of publisher, distributor, etc. | Microsoft Press, |
| Date of publication, distribution, etc. | c1993. |
| 300 ## - PHYSICAL DESCRIPTION | |
| Extent | 5 v. : |
| Other physical details | ill. ; |
| Dimensions | 23 cm. |
| 440 #0 - SERIES STATEMENT/ADDED ENTRY--TITLE | |
| Title | Microsoft professional reference |
| 500 ## - GENERAL NOTE | |
| General note | Includes indexes. |
| 505 0# - FORMATTED CONTENTS NOTE | |
| Formatted contents note | v. 1. Window management and graphic device interface -- v. 2. Systems services, multimedia, extensions, and application notes -- v. 3. Functions, A-G -- v. 4. Functions, H-Z -- v. 5. Messages, structures, and macros. |
| 650 #0 - SUBJECT ADDED ENTRY--TOPICAL TERM | |
| Topical term or geographic name entry element | Computer software |
| General subdivision | Development. |
| 710 2# - ADDED ENTRY--CORPORATE NAME | |
| Corporate name or jurisdiction name as entry element | Microsoft Corporation. |
| 740 0# - ADDED ENTRY--UNCONTROLLED RELATED/ANALYTICAL TITLE | |
| Uncontrolled related/analytical title | Win32 programmer's reference. |
| 942 ## - ADDED ENTRY ELEMENTS (KOHA) | |
| Koha item type | Book |
| Call number prefix | 005.4469 MIC |
| Source of classification or shelving scheme | |
| Withdrawn status | Lost status | Damaged status | Not for loan | Collection code | Permanent Location | Current Location | Shelving location | Date acquired | Source of acquisition | Total Checkouts | Full call number | Barcode | Date last seen | Price effective from | Koha item type |
|---|---|---|---|---|---|---|---|---|---|---|---|---|---|---|---|
| Central Library (CL) | Central Library (CL) | First Floor - Operating System/ Data Structure | 09/03/2001 | Donation | 005.4469 MIC | SEECS001260 | 11/14/2012 | 01/05/2017 | Book | ||||||
| Central Library (CL) | Central Library (CL) | First Floor - Operating System/ Data Structure | 09/03/2001 | Donation | 005.4469 MIC | SEECS001259 | 11/14/2012 | 01/05/2017 | Book | ||||||
| Central Library (CL) | Central Library (CL) | First Floor - Operating System/ Data Structure | 09/03/2001 | Donation | 005.4469 MIC | SEECS001257 | 11/14/2012 | 01/05/2017 | Book | ||||||
| Central Library (CL) | Central Library (CL) | First Floor - Operating System/ Data Structure | 09/03/2001 | Donation | 005.4469 MIC | SEECS001256 | 11/14/2012 | 01/05/2017 | Book |
